R+I Gruppe 1: Behälter und Tanks - multiple choice - Statistiken

Allgemein
  • Dieses Quiz wurde 7 mal gespielt
  • Das Durchschnittsergebnis liegt bei 14 aus 29
Antwortstatistiken
Frage Antwort % Korrekt
Behälter mit gewölbtem Dach und konischem Boden
100%
Kugelbehälter auf Füßen
75%
Behälter mit zwei unterschiedlichen Durchmessern
75%
Gasflasche
75%
Behälter mit konischem Dach und Flachboden
75%
Behälter mit gewölbtem Boden und Füßen
75%
Kugelbehälter
75%
geschlossener Tank mit konischem Boden
50%
Container, Tank, Becken
50%
Behälter mit Sumpf
50%
Behälter mit konischem Dach und Boden
50%
Behälter mit gewölbten Boden und Tragring
50%
Tank, Behälter mit gewölbten Boden
50%
Behälter mit gewölbten Boden und elektrischer Außenheizung
50%
offene Schüttgutlagerung
50%
Behälter mit gewölbten Boden, Mantel und Rührwerk mit Antrieb durch Elektromotor
50%
Sack
50%
Behälter mit gewölbten Dach
50%
Container für feste, flüssige oder gasförmige Stoffe
25%
Behälter mit Heiz- Kühl-Vollrohrschlange
25%
Behälter mit gewölbtem Boden und Füllstandsanzeige
25%
Behälter mit gewölbtem Boden und Dämmung
25%
Gebinde, Fass, Trommel
25%
Tank, Behälter
25%
Behälter mit Heiz- Kühl-Halbrohrschlange
25%
Behälter mit gewölbten Boden und Heiz- Kühlmantel
25%
Bunker mit konischem Boden
25%
Behälter mit gewölbten Boden und Pratzen
25%
Behälter mit gewölbten Boden und Standzarge
25%
Keine übereinstimmenden Quizze gefunden
Verteilung der Resultate
Anzahl Personen mit jedem Resultat
Perzentil nach korrekt beantworteten Fragen
Ihre Resultats-Entwicklung
Sie haben dieses Quiz noch nicht gespielt